Trees of the world / (Record no. 122772)

MARC details
000 -LEADER
campo de control de longitud fija 00678nam a2200229 4500
001 - NÚMERO DE CONTROL
campo de control 122772
003 - IDENTIFICADOR DE NÚMERO DE CONTROL
campo de control ES-MaACL
005 - FECHA Y HORA DE LA ÚLTIMA TRANSACCIÓN
campo de control 20230906192035.0
007 - CAMPO FIJO DE DESCRIPCIÓN FÍSICA--INFORMACIÓN GENERAL
campo de control de longitud fija t|
008 - DATOS DE LONGITUD FIJA--INFORMACIÓN GENERAL
campo de control de longitud fija 070214s1982 xxk r ||||1| eng d
100 1# - ENTRADA PRINCIPAL--NOMBRE DE PERSONA
Nombre de persona Procter, Ray.
9 (RLIN) 94015
245 10 - MENCIÓN DEL TÍTULO
Título Trees of the world /
Mención de responsabilidad, etc. illustrated by Karel Tholé and Ross Wardle.
250 ## - MENCION DE EDICION
Mención de edición 7th print.
260 ## - PUBLICACIÓN, DISTRIBUCIÓN, ETC.
Lugar de publicación, distribución, etc. Feltham :
Nombre del editor, distribuidor, etc. Hamlyn,
Fecha de publicación, distribución, etc. 1982.
300 ## - DESCRIPCIÓN FÍSICA
Extensión 159 p. :
Otras características físicas il. ;
Dimensiones 18 cm.
490 1# - MENCIÓN DE SERIE
Mención de serie Hamlyn all-colour paperbacks
700 1# - ENTRADA AGREGADA--NOMBRE PERSONAL
Nombre de persona Tholé, Karel.
9 (RLIN) 109983
700 1# - ENTRADA AGREGADA--NOMBRE PERSONAL
Nombre de persona Wardle, Ross.
9 (RLIN) 116091
830 0# - PUNTO DE ACCESO ADICIONAL DE SERIE-TÍTULO UNIFORME
Título uniforme Hamlyn all-colour paperbacks
9 (RLIN) 182034
852 ## - LOCALIZACIÓN
Ubicación ES-MaACL
Número de control de estantería L-3014
Sublocalización o colección R.103842
Holdings
Estatus retirado Estado de pérdida Estado de daño No para préstamo Biblioteca de origen Biblioteca actual Ubicación en estantería Fecha de adquisición Fuente de adquisición Total de préstamos Signatura topográfica completa Código de barras Visto por última vez Precio de reemplazo Tipo de ítem Koha
        Biblioteca del Ateneo de Madrid Biblioteca del Ateneo de Madrid Depósito 2 17/01/2008     L-3014 1127928 23/02/2023 23/02/2023 Libro impreso